000 01645nam a22002777a 4500
005 20240305165640.0
007 cr|||| ||||
008 220824s2021 pe |||||s|||| 00||0 spa d
020 _a9786123252298
035 _a36956
040 _avLex
090 _c13821
_d13821
100 1 _aGarcía Amado, Juan Antonio
245 1 0 _aDebates iusfilosóficos
_h[Recurso electrónico] :
_bSobre ponderación, positivismo jurídico y objetivismo moral /
_cJuan Antonio García Amado, Manuel Atienza
256 _aServicio en línea
260 _aLima:
_bPalestra Editores,
_c2021
300 _a1 recurso electrónico
500 _aEl presente volumen reúne algunos breves textos en los que los dos autores se aventuran a un debate académico en torno a tres temas de particular relevancia para la filosofía del derecho: la ponderación, el positivismo jurídico y el objetivismo moral. El resultado de este intercambio no solo nos deja a conocer los principales argumentos de cada uno de los expositores, sino un ejemplo de la centralidad y importancia de la argumentación jurídica para dejar claros los consensos y disensos.
506 1 _aDisponible solo en los productos indicados
_dvLex Global
_dvLex Global (Academic Edition, excluding Law Schools)
_dvLex Global (U.S. Academic Edition, Law Schools)
_dvLex Global (U.S. Academic Edition, excluding Law Schools)
_dvLex Global (Academic Edition, Law Schools)
650 0 4 _aDerecho Militar
_zPerú
650 0 4 _aFilosofía y religión
_zPerú
700 1 _aAtienza, Manuel
740 0 _avLex Libros (Servicio en línea)
856 4 0 _uhttps://app.vlex.com/#/sources/36956
942 _cRAA
999 _c172057
_d172057